00631 2200217 4500001002100000005001500021035002000036007000300056008004100059020002200100082001000122084001600132100001600148245009700164260004600261300003400307650001400341650001000355700002800365990002000393INLIS00000000000299920260512075411 a0010-0526000090ta260512 f 0 ind  a978-623-515-508-1 a923.3 a923.3 RAH w1 aRahayu, Sri1 aWarren Buffet :bSebuah Panduan Praktis Belajar Investasi Saham dari Sang Triliuner Visioner aYogyakarta :bAnak Hebat Indonesia,c2025 axvi + 240 hlm. ;c14 x 20 cm. 4aInvestasi 4aSaham0 aMuhammad Iqbal Al Qodri a20260514.07.002